000
00300nam a2200133Ia 4500
005
20251222144657.0
008
251222s9999||||xx |||||||||||||| ||spa||
082
_a
985/P78
100
_a
Potocarrero, Gonzalo
245
0
_a
Los Nuevos LimeƱos
250
_a
1ra.ed.
264
_b
Tafos
942
_c
LIB
999
_c
17305
_d
17305